000 00552nam a2200205Ia 4500
005 20250923144500.0
008 008 250917s9999 xx 000 0 eng d
037 _aTextual
040 _aDSWL
_beng
_cDSWL
041 _aeng
_2eng
084 _qDSWL
100 _aChappin, F. Stuart
_9825336
245 0 _aExperimental designs in sociological research
_cby F. Stuart Chappin
260 _aNew York
_b Harper & Bros
_c1947
300 _ax,200p.
365 _aUSD
_b3
925 _g3
942 _cTEXL
999 _c1439440
_d1439440